LEADER 00709nam a2200181 i 4500 001 000000156340 003 CaOOAMICUS 005 20061204000000.0 008 061204n it u000 u ita u 013 $a133695 040 $aSeMil$bita 245 10$aSeconda parte. 490 0 $aI maestri del colore : la più grande collana d'arte del mondo ;$v67 773 0 $aPallucchini, Rodolfo$tTiziano.$dMilano : Fabbri, 1965.$w()16939 830 2$aI maestri del colore : la più grande collana d'arte del mondo ;$v67.$0(OLS)http://semarc/title/2091 850 $aSeMil 852 $aSeMil$W1$xVenegono$y1$m5G XII 7/67$j108112$B108112$CSeMilBibl$Z2$F117714 $81 996 $6245$aSeconda parte$9(OLS)http://semarc/title/180995 LEADER 01217nam a2200253 i 4500 001 000000076504 003 CaOOAMICUS 005 20090511000000.0 008 090511s1999 it u000 u ita u 013 $a47676 020 $a88-8311-010-2 040 $aSeMil$bita 245 10$aEducazione e istituzioni scolastiche nell'Italia moderna (secoli 15.-19.) :$btesti e documenti /$ca cura di Roberto Sani (ed.) 260 $aMilano :$bI.S.U. Università Cattolica,$c1999. 300 $a822 p. :$bill. ;$c24 cm. 650 4$aEducazione - Teorie - Italia - Sec. 15.-19.$0(OLS)http://semarc/subject/15640 650 4$aScuola - Italia - Sec. 15.-19.$0(OLS)http://semarc/subject/15641 700 1 $aSani, Roberto,$d<1958- >.$0(OLS)http://semarc/name/23359 850 $aSeMil 852 $aSeMil$W1$xVenegono$y1$m2Q III 317$j42656$B42656$CSeMilBibl$Z2$F71580 $81 961 $aAcquisto: I.S.U. Università Cattolica 996 $6020$a88-8311-010-2$9(OLS)http://semarc/number/57416 996 $6245$aEducazione e istituzioni scolastiche nell'Italia moderna (secoli 15.-19.) :$btesti e documenti$9(OLS)http://semarc/title/124024 996 $6260$aMilano :$bI.S.U. Università Cattolica$9(OLS)http://semarc/publisher/34067